مكتبة جامعة عجلون الوطنية

فهرس بحث المكتبة

التعليم العالي في الاردن / (Record no. 34156)

MARC details
000 -LEADER
fixed length control field 00769nam a22002057a 4500
003 - CONTROL NUMBER IDENTIFIER
control field JO-AjAnu
005 - DATE AND TIME OF LATEST TRANSACTION
control field 20251104124319.0
008 - FIXED-LENGTH DATA ELEMENTS--GENERAL INFORMATION
fixed length control field 251104b jo ||||| |||| 00| 0 ara d
040 ## - CATALOGING SOURCE
Original cataloging agency JO-AjAnu
Language of cataloging ara
Transcribing agency JO-AjAnu
Modifying agency JO-AjAnu
Description conventions rda
041 ## - LANGUAGE CODE
Language code of text/sound track or separate title ara
Language code of original ara
050 ## - LIBRARY OF CONGRESS CALL NUMBER
Classification number LA1471.
Item number T3422 1998
100 #1 - MAIN ENTRY--PERSONAL NAME
Personal name التل، احمد يوسف
Relator term مؤلف
9 (RLIN) 57671
245 #0 - TITLE STATEMENT
Title التعليم العالي في الاردن /
Statement of responsibility, etc. احمد يوسف التل
260 ## - PUBLICATION, DISTRIBUTION, ETC.
Place of publication, distribution, etc. عمان :
Name of publisher, distributor, etc. منشورات لجنة تاريخ الاردن،
Date of publication, distribution, etc. 1998
300 ## - PHYSICAL DESCRIPTION
Extent 518 صفحة
490 ## - SERIES STATEMENT
Series statement لجنة تاريخ الاردن ؛57
504 ## - BIBLIOGRAPHY, ETC. NOTE
Bibliography, etc. note يحتوي على كشاف وقائمة مصادر ومراجع
650 70 - SUBJECT ADDED ENTRY--TOPICAL TERM
Topical term or geographic name entry element التعليم العالي-الاردن
9 (RLIN) 66925
942 ## - ADDED ENTRY ELEMENTS (KOHA)
Source of classification or shelving scheme Library of Congress Classification
Koha item type Books
Suppress in OPAC No
Holdings
Withdrawn status Lost status Source of classification or shelving scheme Damaged status Not for loan Home library Current library Date acquired Total Checkouts Full call number Barcode Date last seen Price effective from Koha item type
    Library of Congress Classification     مكتبة جامعة عجلون الوطنية مكتبة جامعة عجلون الوطنية 04/11/2025   LA1471.T3422 1998 a30392 04/11/2025 04/11/2025 Books